000 00723cab a2200241 4500
001 WB3515-35
008 090401t1999 xxu||||| |||| 00| 0 eng d
035 _a(Sirsi) u92857
041 _aeng
245 _aUS targets UK organic market
260 _c1999
350 _a0
490 _aFarmers' Weekly
_v130(16) 16 April 1999, 22(1)
520 _aUS farmers are targeting European consumers in an attempt to meet the increasing demand for organic food in Europe which is not at present being met by European producers.
650 _aDEMAND
650 _aEUROPE
650 _aIMPORTS
650 _aORGANIC PRODUCE
650 _aUNITED STATES
690 _aRURAL PRACTICE
942 _n0
948 _c20/04/1999
999 _c58860
_d58860